Emerald treasury of the great leaders of India / (Record no. 13744)

MARC details
000 -LEADER
fixed length control field 00920nam a22002417a 4500
005 - DATE AND TIME OF LATEST TRANSACTION
control field 20080617124338.0
008 - FIXED-LENGTH DATA ELEMENTS--GENERAL INFORMATION
fixed length control field 080617t xxu||||| |||| 00| 0 eng d
010 ## - LIBRARY OF CONGRESS CONTROL NUMBER
LC control number ENG-90337
020 ## - INTERNATIONAL STANDARD BOOK NUMBER
Terms of availability 100.00
International Standard Book Number 8179661946
035 ## - SYSTEM CONTROL NUMBER
System control number EN-73870
037 ## - SOURCE OF ACQUISITION
Source of stock number/acquisition DBAD / PUB
040 ## - CATALOGING SOURCE
Original cataloging agency DPL
Language of cataloging EN
082 ## - DEWEY DECIMAL CLASSIFICATION NUMBER
Classification number 320.540954
245 ## - TITLE STATEMENT
Title Emerald treasury of the great leaders of India /
Statement of responsibility, etc edited by Kuttan Mahadevan
260 ## - PUBLICATION, DISTRIBUTION, ETC. (IMPRINT)
Place of publication, distribution, etc Chennai
Name of publisher, distributor, etc Emerald Publishers
Date of publication, distribution, etc 2007
270 ## - ADDRESS
Address 15A, First Floor, Case Major Road, Egmore,
City Chennai
Postal code 600008
300 ## - PHYSICAL DESCRIPTION
Extent v.1 (154p.)
Dimensions 23 cm (pbk)
505 ## - FORMATTED CONTENTS NOTE
Formatted contents note v.1-National leaders
700 ## - ADDED ENTRY--PERSONAL NAME
Personal name Mahadevan, Kuttan
700 ## - ADDED ENTRY--PERSONAL NAME
Personal name Srinath, C. N.
942 ## - ADDED ENTRY ELEMENTS (KOHA)
Koha item type English Books
Classification part 320.540954
Source of classification or shelving scheme Dewey Decimal Classification
Call number suffix EME
Holdings
Withdrawn status Lost status Materials specified (bound volume or other part) Damaged status Not for loan Collection code Home library Current library Date acquired Source of acquisition Cost, normal purchase price Total Checkouts Full call number Barcode Date last seen Copy number Cost, replacement price Price effective from Koha item type
    v.1- Natio   Not For Loan Non-fiction D.B.Act.Division D.B.Act.Division 17/06/2008 DBAD / PUB 100.00   320.540954 EME EN-73870 15/09/2008 1 100.00 15/09/2008 English Books

© Delhi Public Library
Hit Counter
free hit counter